[Event "4rd Memory of Nebesna Sotnya-2017 R"]
[Site "Lutsk"]
[Date "2017.02.19"]
[Round "9.5"]
[White "Khaetsky, Roman"]
[Black "Bortnyk, Mykola"]
[Result "1/2-1/2"]
[WhiteElo "2369"]
[BlackElo "2558"]
[PlyCount "88"]
[EventDate "2017.02.18"]
[EventType "swiss (rapid)"]
[EventRounds "11"]
[EventCountry "UKR"]

1. e4 Nf6 2. e5 Nd5 3. Nc3 Nxc3 4. dxc3 d6 5. Bc4 Nc6 6. Nf3 dxe5 7. Qxd8+ Nxd8
8. Nxe5 Bf5 9. Bd3 Bxd3 10. cxd3 f6 11. Nc4 e5 12. f4 exf4 13. Bxf4 Kd7 14.
O-O-O Ne6 15. Be3 Bd6 16. Nxd6 cxd6 17. Rhe1 Rhe8 18. Kc2 f5 19. Rf1 g6 20.
Rde1 Re7 21. Kd2 b6 22. h3 Rae8 23. Bh6 Nc7 24. Rxe7+ Rxe7 25. g4 Rf7 26. gxf5
Rxf5 27. Rxf5 gxf5 28. c4 d5 29. Ke3 dxc4 30. dxc4 Ne6 31. b4 Kc6 32. Bf4 b5
33. c5 Kd5 34. a3 a6 35. Bb8 Nd4 36. Kf4 Nc2 37. Kxf5 Nxa3 38. Be5 Nb1 39. h4
h5 40. Bb2 Nd2 41. Kg5 a5 42. bxa5 Kxc5 43. Kxh5 Nf3 44. Kg4 Nxh4 1/2-1/2

[Event "4rd Memory of Nebesna Sotnya-2017 R"]
[Site "Lutsk"]
[Date "2017.02.19"]
[Round "9.6"]
[White "Reshetkov, Kirill"]
[Black "Sergeev, Vladimir"]
[Result "0-1"]
[WhiteElo "2355"]
[BlackElo "2518"]
[Annotator ",Àäìèíèñòðàòîð"]
[PlyCount "33"]
[EventDate "2017.02.18"]
[EventType "swiss (rapid)"]
[EventRounds "11"]
[EventCountry "UKR"]

1. e4 Nf6 2. e5 Nd5 3. c4 Nb6 4. c5 Nd5 5. Bc4 e6 6. Nc3 Nxc3 7. dxc3 Nc6 8.
Bf4 Qe7 9. g3 Qxc5 10. Nf3 d5 11. Qe2 h6 12. Bd3 Bd7 13. O-O g5 14. Rfc1 Bg7
15. Bd2 Qe7 16. h3 f5 17. b4 {...} 0-1

[Event "4rd Memory of Nebesna Sotnya-2017 R"]
[Site "Lutsk"]
[Date "2017.02.19"]
[Round "9.7"]
[White "Gritsak, Orest"]
[Black "Alexikov, Alexander"]
[Result "1/2-1/2"]
[WhiteElo "2511"]
[BlackElo "2326"]
[PlyCount "37"]
[EventDate "2017.02.18"]
[EventType "swiss (rapid)"]
[EventRounds "11"]
[EventCountry "UKR"]

1. Nf3 Nf6 2. c4 g6 3. g3 Bg7 4. Bg2 O-O 5. O-O d6 6. Nc3 c6 7. Qc2 Bf5 8. d3
Qc8 9. b3 Bh3 10. Bb2 Bxg2 11. Kxg2 c5 12. Nd5 Nc6 13. Bxf6 Bxf6 14. Nxf6+ exf6
15. Rfd1 f5 16. d4 Re8 17. e3 Qc7 18. Rd2 Qe7 19. dxc5 1/2-1/2

[Event "4rd Memory of Nebesna Sotnya-2017 R"]
[Site "Lutsk"]
[Date "2017.02.19"]
[Round "9.8"]
[White "Matviishen, Viktor"]
[Black "Razin, Vadim"]
[Result "0-1"]
[WhiteElo "2354"]
[BlackElo "2501"]
[PlyCount "118"]
[EventDate "2017.02.18"]
[EventType "swiss (rapid)"]
[EventRounds "11"]
[EventCountry "UKR"]

1. Nf3 d5 2. b3 Nf6 3. Bb2 Bg4 4. Ne5 Bf5 5. e3 Nbd7 6. f4 e6 7. d3 Nxe5 8.
fxe5 Ng4 9. Qf3 Qg5 10. Qf4 Qxf4 11. exf4 Bc5 12. d4 Bb6 13. Na3 Ne3 14. Kd2
Nxf1+ 15. Rhxf1 f6 16. Rae1 O-O-O 17. c3 Be4 18. g3 Rdf8 19. Nc2 h5 20. b4 h4
21. g4 h3 22. exf6 gxf6 23. Ne3 Rfg8 24. Rg1 c6 25. c4 Bc7 26. Ref1 Rh4 27.
cxd5 cxd5 28. Rg3 Kd7 29. Ke2 Bd6 30. b5 Rc8 31. a4 Ke7 32. a5 Kd7 33. Rf2 Rg8
34. Rf1 Rh7 35. Nd1 Rc8 36. Nc3 Bg2 37. Rf2 Rc4 38. g5 fxg5 39. Rxg5 Rf7 40.
Ke3 Rb4 41. Ba3 Rb3 42. Bxd6 Kxd6 43. Rc2 Rc7 44. Kd2 Rc4 45. Ne2 Rxc2+ 46.
Kxc2 Rxb5 47. Rg7 Rxa5 48. Rxb7 Ra2+ 49. Rb2 Ra1 50. Ng3 Ra4 51. Kc3 Ra3+ 52.
Kb4 Rxg3 53. hxg3 h2 54. Rb1 h1=Q 55. Rxh1 Bxh1 56. g4 Bf3 57. g5 Be4 58. Kb5
Bd3+ 59. Ka5 Ke7 0-1

[Event "4rd Memory of Nebesna Sotnya-2017 R"]
[Site "Lutsk"]
[Date "2017.02.19"]
[Round "10.1"]
[White "Bernadskiy, Vitaliy"]
[Black "Kislinsky, Alexey"]
[Result "1/2-1/2"]
[WhiteElo "2634"]
[BlackElo "2407"]
[PlyCount "34"]
[EventDate "2017.02.18"]
[EventType "swiss (rapid)"]
[EventRounds "11"]
[EventCountry "UKR"]

1. e4 c5 2. Nf3 Nc6 3. d4 cxd4 4. Nxd4 g6 5. c4 Bg7 6. Be3 Nf6 7. Nc3 d6 8. Be2
O-O 9. O-O Bd7 10. Qd2 Nxd4 11. Bxd4 Bc6 12. f3 a5 13. b3 Nd7 14. Be3 Nc5 15.
Rab1 Qb6 16. Kh1 Rfc8 17. Rfc1 Qd8 1/2-1/2

[Event "4rd Memory of Nebesna Sotnya-2017 R"]
[Site "Lutsk"]
[Date "2017.02.19"]
[Round "10.2"]
[White "Mirzoev, Emil"]
[Black "Onischuk, Vladimir"]
[Result "0-1"]
[WhiteElo "2457"]
[BlackElo "2692"]
[PlyCount "100"]
[EventDate "2017.02.18"]
[EventType "swiss (rapid)"]
[EventRounds "11"]
[EventCountry "UKR"]

1. d4 d6 2. c4 e5 3. e3 Nc6 4. Nc3 Nf6 5. Nf3 Bd7 6. g3 g6 7. Bg2 Bg7 8. O-O
O-O 9. b3 Re8 10. d5 Nb8 11. e4 a5 12. Ne1 Na6 13. Nd3 b6 14. Bd2 Rf8 15. a3
Nc5 16. Nxc5 dxc5 17. Bg5 h6 18. Be3 Ne8 19. Qd2 Kh7 20. f4 Nd6 21. a4 f5 22.
Rae1 Qf6 23. exf5 gxf5 24. fxe5 Qxe5 25. Ne2 Rae8 26. Nf4 Qc3 27. Qxc3 Bxc3 28.
Re2 Rxe3 29. Rxe3 Bd4 30. Rfe1 Re8 31. Kf2 Rxe3 32. Rxe3 Bxa4 33. bxa4 Nxc4 34.
Ke2 Nxe3 35. Bh3 Ng4 36. Ne6 Be5 37. Kd2 Kg6 38. Bxg4 fxg4 39. Kd3 Kf5 40. Kc4
Ke4 41. Nd8 h5 42. Nf7 Bd6 43. Ng5+ Ke3 44. Ne6 Kf3 45. Ng7 Kg2 46. Nxh5 Kxh2
47. Kb5 Bxg3 48. Nf6 Kh3 49. Kc6 c4 50. Ne4 Be5 0-1

[Event "4rd Memory of Nebesna Sotnya-2017 R"]
[Site "Lutsk"]
[Date "2017.02.19"]
[Round "10.3"]
[White "Bogdanovich, Stanislav"]
[Black "Budnikov, Oleg"]
[Result "1-0"]
[WhiteElo "2689"]
[BlackElo "2433"]
[PlyCount "57"]
[EventDate "2017.02.18"]
[EventType "swiss (rapid)"]
[EventRounds "11"]
[EventCountry "UKR"]

1. e4 g6 2. d4 Bg7 3. Nc3 d6 4. Be3 a6 5. Qd2 b5 6. Nge2 Bb7 7. f3 Nd7 8. g4
Rc8 9. h4 h6 10. Ng3 c5 11. h5 cxd4 12. Bxd4 Ne5 13. Be2 Rc4 14. Bxe5 Bxe5 15.
f4 Rxc3 16. bxc3 Bg7 17. Rh3 Qc7 18. e5 dxe5 19. hxg6 fxg6 20. Bd3 Kf7 21. fxe5
Qxe5+ 22. Ne2 Nf6 23. Re3 Qc5 24. Nf4 Nxg4 25. Bxg6+ Kg8 26. O-O-O Bd5 27.
Qxd5+ Qxd5 28. Rxd5 Bf6 29. Ne6 1-0

[Event "4rd Memory of Nebesna Sotnya-2017 R"]
[Site "Lutsk"]
[Date "2017.02.19"]
[Round "10.4"]
[White "Rakhmangulov, Andrei"]
[Black "Zubarev, Alexander"]
[Result "1-0"]
[WhiteElo "2388"]
[BlackElo "2538"]
[PlyCount "89"]
[EventDate "2017.02.18"]
[EventType "swiss (rapid)"]
[EventRounds "11"]
[EventCountry "UKR"]

1. d4 g6 2. Nf3 Bg7 3. c3 d6 4. Bf4 Nd7 5. e4 e5 6. dxe5 dxe5 7. Bg5 Ngf6 8.
Bc4 h6 9. Bh4 Qe7 10. Nbd2 g5 11. Bg3 Nh5 12. Nf1 Nf4 13. Ne3 Nf6 14. Qc2 Bd7
15. O-O-O O-O-O 16. Rhe1 Ng4 17. Bxf4 exf4 18. Nxg4 Bxg4 19. h3 Bh5 20. Rxd8+
Rxd8 21. e5 Bg6 22. Qe2 Qc5 23. Nd4 c6 24. b4 Qe7 25. Bd3 Bxd3 26. Qxd3 Qd7 27.
Kc2 Qd5 28. Kb2 Qxg2 29. Qf5+ Kb8 30. Qxf7 Bf8 31. e6 Rc8 32. e7 Bxe7 33. Qxe7
Qxf2+ 34. Re2 Qf1 35. Qd6+ Ka8 36. Qe6 Kb8 37. Qe5+ Ka8 38. Qf5 Kb8 39. Re7
Qg2+ 40. Kb3 Qd5+ 41. Qxd5 cxd5 42. Rf7 Re8 43. Rf6 h5 44. Rf5 Rg8 45. Ne6 1-0

[Event "4rd Memory of Nebesna Sotnya-2017 R"]
[Site "Lutsk"]
[Date "2017.02.19"]
[Round "10.5"]
[White "Mikhaletz, Lubomir"]
[Black "Sergeev, Vladimir"]
[Result "1/2-1/2"]
[WhiteElo "2414"]
[BlackElo "2518"]
[PlyCount "164"]
[EventDate "2017.02.18"]
[EventType "swiss (rapid)"]
[EventRounds "11"]
[EventCountry "UKR"]

1. Nc3 d5 2. Nf3 Bf5 3. d3 c6 4. g3 Nf6 5. Bg2 e6 6. O-O h6 7. Bf4 Be7 8. Re1
O-O 9. e4 Bg4 10. h3 Bxf3 11. Bxf3 dxe4 12. dxe4 Nbd7 13. e5 Nd5 14. Nxd5 cxd5
15. c4 dxc4 16. Rc1 Nc5 17. Rxc4 Nd3 18. Re3 Nxf4 19. gxf4 Qxd1+ 20. Bxd1 Rac8
21. Rec3 Rxc4 22. Rxc4 Rd8 23. Bf3 Rd7 24. Kf1 g6 25. Ke2 Kg7 26. a3 a5 27. Rc8
b6 28. Rc4 Bc5 29. Bc6 Rd8 30. b4 axb4 31. axb4 Be7 32. Ke3 Rd1 33. b5 Rb1 34.
Kd3 Rb2 35. Rc2 Rxc2 36. Kxc2 Bc5 37. Kd3 Bxf2 38. Ke4 Be1 39. Bd7 Bd2 40. Bc6
Bc1 41. Bd7 Kf8 42. Bc6 Ke7 43. Bb7 Bd2 44. Bc6 Bb4 45. Bb7 Bc5 46. Bc6 Bf2 47.
Bb7 Be1 48. Bc6 Bd2 49. Bb7 Kf8 50. Bc6 Kg7 51. Bd7 Kf8 52. Bc6 Ke7 53. Bb7 g5
54. fxg5 hxg5 55. Bc6 Bc3 56. Bb7 Ke8 57. Bc6+ Kf8 58. Bb7 Kg7 59. Bc6 Bb2 60.
Bd7 Ba1 61. Bc6 Bb2 62. Bd7 Bc3 63. Bc6 Kf8 64. Bd7 Ke7 65. Bc6 f5+ 66. exf6+
Kxf6 67. Bb7 Kg6 68. Bc8 Kf6 69. Bb7 Bb4 70. Bc6 Bc5 71. Bb7 Ba3 72. Bc6 Bb2
73. Bb7 Ke7 74. Bc6 Kd6 75. Be8 Kc5 76. Bd7 Bc3 77. Bxe6 Kxb5 78. Kf5 Bd2 79.
Kg4 Kc5 80. h4 Kd6 81. Bg8 gxh4 82. Kxh4 Ke5 1/2-1/2

[Event "4rd Memory of Nebesna Sotnya-2017 R"]
[Site "Lutsk"]
[Date "2017.02.19"]
[Round "10.6"]
[White "Peng, Li Min"]
[Black "Razin, Vadim"]
[Result "0-1"]
[WhiteElo "2330"]
[BlackElo "2501"]
[PlyCount "96"]
[EventDate "2017.02.18"]
[EventType "swiss (rapid)"]
[EventRounds "11"]
[EventCountry "UKR"]

1. e4 e6 2. d4 d5 3. exd5 exd5 4. Nf3 Nc6 5. Bb5 Bd6 6. c4 dxc4 7. d5 a6 8. Ba4
b5 9. dxc6 bxa4 10. O-O Ne7 11. Qxa4 Be6 12. Nbd2 Bd5 13. Nxc4 Bxc6 14. Nxd6+
Qxd6 15. Qf4 Qxf4 16. Bxf4 Bxf3 17. gxf3 Nd5 18. Rfe1+ Kd7 19. Be5 Rhe8 20.
Rad1 c6 21. Kf1 f6 22. Bd4 Rxe1+ 23. Rxe1 Rb8 24. Rd1 Rb4 25. Ke2 Kd6 26. b3 c5
27. Be3 Kc6 28. Rc1 Nxe3 29. Kxe3 Rh4 30. Rd1 Rxh2 31. Rd8 Rh1 32. Rc8+ Kb6 33.
Rb8+ Kc7 34. Ra8 Kb7 35. Rf8 Rg1 36. Ke4 h5 37. Rh8 g6 38. f4 Rg4 39. f3 Rg2
40. f5 gxf5+ 41. Kxf5 Rxa2 42. Kxf6 Rf2 43. Ke5 Rxf3 44. Rxh5 Kc6 45. Rh6+ Kb5
46. Rh8 Rxb3 47. Rb8+ Kc4 48. Ra8 Rb6 0-1

[Event "4rd Memory of Nebesna Sotnya-2017 R"]
[Site "Lutsk"]
[Date "2017.02.19"]
[Round "10.7"]
[White "Bortnyk, Mykola"]
[Black "Bordovsky, Vladimir"]
[Result "1-0"]
[WhiteElo "2558"]
[BlackElo "2342"]
[PlyCount "133"]
[EventDate "2017.02.18"]
[EventType "swiss (rapid)"]
[EventRounds "11"]
[EventCountry "UKR"]

1. d4 Nf6 2. Nf3 d6 3. Nc3 Bf5 4. Nh4 Bd7 5. e4 e5 6. dxe5 dxe5 7. Bc4 Bb4 8.
O-O O-O 9. Bg5 Bxc3 10. bxc3 h6 11. Bxf6 Qxf6 12. g3 Bh3 13. Re1 Nc6 14. Rb1
Rad8 15. Qh5 Be6 16. Bxe6 fxe6 17. Re2 b6 18. Ng2 Qf3 19. Qxf3 Rxf3 20. Ne3 Rf7
21. Kg2 Kf8 22. f3 Rfd7 23. Kf2 Ke7 24. h4 g6 25. Rg1 Rf8 26. h5 gxh5 27. Rh1
Kf7 28. Rxh5 Kg6 29. Rh3 Rdf7 30. g4 Kg7 31. Rd2 Ne7 32. Rd7 Ng6 33. Rxf7+ Rxf7
34. Rh5 Rd7 35. Ke1 Rf7 36. Kf2 Rd7 37. Nc4 Rd1 38. Nxe5 Rd2+ 39. Ke3 Rxc2 40.
Nxg6 Kxg6 41. Kd4 Rf2 42. Rh3 Rxa2 43. Ke5 Re2 44. f4 Kg7 45. Rd3 a5 46. Rd7+
Kg6 47. Rxc7 a4 48. Rc6 Rb2 49. Rxe6+ Kf7 50. Rxh6 a3 51. c4 a2 52. Rh7+ Kg6
53. Ra7 Re2 54. Ra6 Kg7 55. Kf5 Kf7 56. Ra7+ Ke8 57. g5 Kd8 58. g6 Kc8 59. g7
Rg2 60. Rxa2 Rxg7 61. e5 Rc7 62. Ra4 Kd7 63. Ke4 Kc6 64. f5 Rh7 65. f6 Rh1 66.
Kf5 Rf1+ 67. Ke4 1-0

[Event "4rd Memory of Nebesna Sotnya-2017 R"]
[Site "Lutsk"]
[Date "2017.02.19"]
[Round "10.8"]
[White "Vusatiuk, Vladimir"]
[Black "Gritsak, Orest"]
[Result "0-1"]
[WhiteElo "2286"]
[BlackElo "2511"]
[PlyCount "70"]
[EventDate "2017.02.18"]
[EventType "swiss (rapid)"]
[EventRounds "11"]
[EventCountry "UKR"]

1. e4 c5 2. Nf3 e6 3. d4 cxd4 4. Nxd4 Nc6 5. Nxc6 bxc6 6. Bd3 Nf6 7. O-O d5 8.
e5 Nd7 9. f4 Be7 10. b3 Ba6 11. Bxa6 Qb6+ 12. Kh1 Qxa6 13. Bb2 O-O 14. Nd2 Rae8
15. Qg4 f5 16. exf6 Bxf6 17. Bxf6 Nxf6 18. Qh3 e5 19. fxe5 Rxe5 20. c4 Re2 21.
Qd3 Rfe8 22. h3 Qa5 23. Nf3 Ne4 24. Nd4 Nf2+ 25. Rxf2 Rxf2 26. Nxc6 Re1+ 27.
Rxe1 Qxe1+ 28. Kh2 Rf1 29. Qxd5+ Kf8 30. Qd6+ Ke8 31. Qd8+ Kf7 32. Qd5+ Kf6 33.
Qd6+ Kg5 34. Qd8+ Kh6 35. Qd6+ g6 0-1

[Event "4rd Memory of Nebesna Sotnya-2017 R"]
[Site "Lutsk"]
[Date "2017.02.19"]
[Round "11.2"]
[White "Onischuk, Vladimir"]
[Black "Kislinsky, Alexey"]
[Result "1-0"]
[WhiteElo "2692"]
[BlackElo "2407"]
[PlyCount "83"]
[EventDate "2017.02.18"]
[EventType "swiss (rapid)"]
[EventRounds "11"]
[EventCountry "UKR"]

1. e4 c5 2. Nf3 g6 3. d4 cxd4 4. Nxd4 Bg7 5. Nb3 b6 6. g3 Nc6 7. Bg2 Ba6 8. Nc3
Nf6 9. f4 O-O 10. e5 Ne8 11. h4 Rc8 12. h5 Nc7 13. hxg6 fxg6 14. Be3 Ne6 15.
Qg4 Na5 16. Nxa5 bxa5 17. Bd5 Bc4 18. O-O-O Bxd5 19. Nxd5 Rf7 20. Bxa7 Rc4 21.
Nb6 Rc6 22. Rxd7 Qe8 23. Rhd1 h5 24. Qf3 Rc7 25. Qd5 Rxd7 26. Nxd7 Nf8 27. Nxf8
Bxf8 28. Qxa5 Qa8 29. Bb6 Qf3 30. Qc3 Qxc3 31. bxc3 h4 32. gxh4 Rxf4 33. Rd4
Rf5 34. Re4 e6 35. a4 Rf1+ 36. Kb2 Rf7 37. a5 Rb7 38. Rc4 Kf7 39. Kb3 Ke8 40.
Ka4 Kd7 41. Kb5 Be7 42. a6 1-0

[Event "4rd Memory of Nebesna Sotnya-2017 R"]
[Site "Lutsk"]
[Date "2017.02.19"]
[Round "11.3"]
[White "Razin, Vadim"]
[Black "Bogdanovich, Stanislav"]
[Result "1-0"]
[WhiteElo "2501"]
[BlackElo "2689"]
[PlyCount "59"]
[EventDate "2017.02.18"]
[EventType "swiss (rapid)"]
[EventRounds "11"]
[EventCountry "UKR"]

1. d4 d5 2. Nf3 c6 3. c4 dxc4 4. Nc3 b5 5. e4 Nf6 6. e5 Nd5 7. a4 e6 8. Be2 Bb7
9. O-O a6 10. Ne4 h6 11. Bd2 Nd7 12. b3 cxb3 13. Qxb3 Be7 14. Ne1 Qb6 15. Nc2
f5 16. exf6 N7xf6 17. Nxf6+ gxf6 18. Rfe1 Kd7 19. Ne3 Qxd4 20. Nxd5 exd5 21.
Qh3+ Kc7 22. Qg3+ Kd7 23. Bg4+ Ke8 24. Rxe7+ Kxe7 25. Re1+ Kf8 26. Qd6+ Kg7 27.
Qd7+ Kg6 28. Bf5+ Kh5 29. Qf7+ Kh4 30. g3# 1-0

[Event "4rd Memory of Nebesna Sotnya-2017 R"]
[Site "Lutsk"]
[Date "2017.02.19"]
[Round "11.4"]
[White "Bargan, Sergiu"]
[Black "Bortnyk, Mykola"]
[Result "0-1"]
[WhiteElo "2287"]
[BlackElo "2558"]
[PlyCount "116"]
[EventDate "2017.02.18"]
[EventType "swiss (rapid)"]
[EventRounds "11"]
[EventCountry "UKR"]

1. d4 Nf6 2. c4 d6 3. Nc3 Nbd7 4. e4 e5 5. Nge2 c6 6. f3 Be7 7. Be3 Qc7 8. Qd2
a5 9. d5 O-O 10. Ng3 Re8 11. Be2 Nf8 12. O-O Ng6 13. Rfc1 b6 14. dxc6 Qxc6 15.
c5 bxc5 16. Bb5 Qb7 17. Bxe8 Nxe8 18. Nd5 Bd8 19. Nf5 Bxf5 20. exf5 Nh4 21. Qd3
Nxf5 22. Qxf5 Qxd5 23. Rd1 Qe6 24. Qe4 Rb8 25. b3 h5 26. Rd2 Rc8 27. Rc1 Be7
28. Qb7 h4 29. h3 f5 30. Qa6 Nc7 31. Qxa5 Nd5 32. Bf2 Bg5 33. Rcd1 Bxd2 34.
Qxd2 Nf4 35. Qxd6 Qxd6 36. Rxd6 c4 37. bxc4 Rxc4 38. Be3 Ne2+ 39. Kf2 Ng3 40.
Bg5 f4 41. Ke1 Nf5 42. Rd5 Rc1+ 43. Kd2 Rg1 44. Bxf4 Rxg2+ 45. Kd3 exf4 46.
Rxf5 g5 47. a4 Kg7 48. a5 Kg6 49. Rb5 Rg3 50. Ke4 Rxh3 51. a6 Rh1 52. Ra5 Re1+
53. Kd5 Re8 54. a7 Ra8 55. Kc6 h3 56. Kb7 Rxa7+ 57. Kxa7 Kh5 58. Kb6 Kh4 0-1

[Event "4rd Memory of Nebesna Sotnya-2017 R"]
[Site "Lutsk"]
[Date "2017.02.19"]
[Round "11.5"]
[White "Sergeev, Vladimir"]
[Black "Omelja, Artem"]
[Result "1-0"]
[WhiteElo "2518"]
[BlackElo "2429"]
[PlyCount "40"]
[EventDate "2017.02.18"]
[EventType "swiss (rapid)"]
[EventRounds "11"]
[EventCountry "UKR"]

1. d4 e6 2. Nf3 Nf6 3. c4 c5 4. e3 b6 5. Nc3 Nc6 6. d5 exd5 7. cxd5 Na5 8. e4
d6 9. Bf4 Be7 10. Be2 O-O 11. h3 a6 12. a4 Nd7 13. b3 f6 14. O-O Ne5 15. Nd2 g5
16. Be3 f5 17. exf5 Bxf5 18. Ra2 Qd7 19. Nde4 Bxh3 20. Bxg5 Bg4 1-0

[Event "4rd Memory of Nebesna Sotnya-2017 R"]
[Site "Lutsk"]
[Date "2017.02.19"]
[Round "11.6"]
[White "Solovchuk, Alexey"]
[Black "Gritsak, Orest"]
[Result "1/2-1/2"]
[WhiteElo "2455"]
[BlackElo "2511"]
[PlyCount "172"]
[EventDate "2017.02.18"]
[EventType "swiss (rapid)"]
[EventRounds "11"]
[EventCountry "UKR"]

1. Nf3 b6 2. c4 Bb7 3. Nc3 e6 4. e4 Bb4 5. Bd3 Ne7 6. O-O Ng6 7. Bc2 Nc6 8. d4
O-O 9. Ne2 Be7 10. Ng3 a6 11. a3 Nh4 12. Nxh4 Bxh4 13. Be3 Ne7 14. Qh5 Bxg3 15.
hxg3 Qe8 16. d5 f5 17. Qxe8 Raxe8 18. d6 cxd6 19. exf5 Nxf5 20. Bxb6 d5 21. Bd3
dxc4 22. Bxc4 Rc8 23. Bd3 Rc6 24. Ba5 Nd4 25. Rad1 Nb3 26. Bb4 Rfc8 27. Rfe1 d5
28. Bb1 a5 29. Bc3 a4 30. Ba2 Ba6 31. Bxb3 axb3 32. Rd4 Bc4 33. Rg4 R8c7 34.
Be5 Rf7 35. Re3 h6 36. f3 Kh7 37. Rd4 g5 38. g4 Kg6 39. Kf2 Rh7 40. Rd1 h5 41.
gxh5+ Rxh5 42. Rc1 Ra6 43. Ree1 Rh7 44. g4 Rc6 45. Kg3 Rb6 46. Bd4 Rc6 47. Re5
Rd6 48. Rce1 Kf7 49. Rxg5 Bd3 50. Re3 Bc4 51. Kg2 Rc6 52. Kg3 Rc8 53. Kf4 Ke7
54. Ke5 Kd7 55. Rg6 Re8 56. f4 Rf7 57. Rf6 Rh7 58. g5 Ree7 59. Bc5 Re8 60. Bd4
Ree7 61. a4 Re8 62. a5 Ree7 63. Rg3 Rh1 64. g6 Rh5+ 65. Rg5 Rh2 66. Rf7 Rxf7
67. gxf7 Ke7 68. f8=Q+ Kxf8 69. Kxe6 Re2+ 70. Kd6 Re4 71. Be5 d4 72. Rg1 d3 73.
Rd1 Kf7 74. Kc6 Ke6 75. Kb6 Rxe5 76. fxe5 Kxe5 77. a6 Kd4 78. a7 Bd5 79. Ra1 d2
80. a8=Q Bxa8 81. Rxa8 Kd3 82. Kb5 Kc2 83. Rd8 Kxb2 84. Rxd2+ Kc3 85. Rh2 b2
86. Rh1 Kc2 1/2-1/2

[Event "4rd Memory of Nebesna Sotnya-2017 R"]
[Site "Lutsk"]
[Date "2017.02.19"]
[Round "11.7"]
[White "Klymchuk, Andriy"]
[Black "Mikhaletz, Lubomir"]
[Result "0-1"]
[WhiteElo "2385"]
[BlackElo "2414"]
[PlyCount "48"]
[EventDate "2017.02.18"]
[EventType "swiss (rapid)"]
[EventRounds "11"]
[EventCountry "UKR"]

1. e4 Nc6 2. d4 d6 3. Nc3 Nf6 4. Nf3 Bg4 5. Bb5 a6 6. Ba4 Nd7 7. Be3 e6 8. h3
Bh5 9. g4 Bg6 10. Qe2 b5 11. Bb3 b4 12. Nb1 Bxe4 13. a3 bxa3 14. Rxa3 d5 15.
Ra1 Nb4 16. Nc3 Bxf3 17. Qxf3 Bd6 18. O-O O-O 19. Na4 Kh8 20. c4 f5 21. Nc5
Bxc5 22. dxc5 Ne5 23. Qg3 Nbd3 24. cxd5 f4 0-1

[Event "4rd Memory of Nebesna Sotnya-2017 R"]
[Site "Lutsk"]
[Date "2017.02.19"]
[Round "11.8"]
[White "Fingerov, Dmitry"]
[Black "Zubarev, Alexander"]
[Result "0-1"]
[WhiteElo "2327"]
[BlackElo "2538"]
[PlyCount "70"]
[EventDate "2017.02.18"]
[EventType "swiss (rapid)"]
[EventRounds "11"]
[EventCountry "UKR"]

1. Nc3 c5 2. g3 Nc6 3. Bg2 g6 4. e3 Bg7 5. Nge2 Nf6 6. d4 cxd4 7. Nxd4 Nxd4 8.
exd4 O-O 9. d5 d6 10. O-O Bg4 11. Qd4 Bf5 12. Qb4 Bxc2 13. Qxb7 Nd7 14. Re1 Re8
15. Be3 Ne5 16. Bxa7 Qa5 17. Be3 Rab8 18. Qa7 Qxa7 19. Bxa7 Rxb2 20. Re2 Nd3
21. Ne4 Ra8 22. Be3 Raxa2 23. Rxa2 Rxa2 24. h3 Bb3 25. Bd2 Bd4 26. Bf1 Bd1 27.
Re3 Bxe3 28. Bxe3 Ne5 29. Nc3 Ra1 30. Nxd1 Rxd1 31. Kg2 Rxd5 32. f4 Nd7 33. Kf3
Ra5 34. g4 Ra3 35. Bc4 Nb6 0-1